| 000 | 00663nam a2200205Ia 4500 | ||
|---|---|---|---|
| 003 | GCL | ||
| 005 | 20240530102350.0 | ||
| 008 | 140319s9999 xx 000 0 ara d | ||
| 040 |
_aGCL / _cGCL |
||
| 082 | 0 | 4 |
_a321.462 _bا د |
| 100 | 1 | _aاحمد عبدالله | |
| 245 | 1 | 2 |
_aالديمقراطية على عكاز : المسار المتعرج للتجربة الديمقراطية فى مصر / _cاحمد عبدالله |
| 260 |
_a[S.N] : _bالعربى للنشر والتوزيع |
||
| 300 | _a103 ص. | ||
| 650 | 0 | 4 | _aالعصر الحديث |
| 650 | 0 | 4 | _aمصر |
| 650 | 0 | 4 | _aتاريخ |
| 650 | 0 | 4 | _aالديمقراطية |
| 942 |
_2ddc _cBK |
||
| 999 |
_c31737 _d31737 |
||